| 000 | 00579pam a2200193 4500 | ||
|---|---|---|---|
| 001 | 2974 | ||
| 005 | 20181127170154.0 | ||
| 008 | 960621r19971987nyu 000 1 eng | ||
| 010 | _a 96031214 | ||
| 020 | _a067977632X | ||
| 043 | _aa-ii--- | ||
| 100 | 1 |
_aMistry, Rohinton, _d1952- |
|
| 240 | 1 | 0 | _aTales from Firozsha Baag |
| 245 | 1 | 0 |
_aSwimming lessons and other stories from Firozsha Baag / _cRohinton Mistry. |
| 250 | _a1st Vintage International ed. | ||
| 260 |
_aNew York : _bVintage International, _c1997. |
||
| 300 |
_a250 p. ; _c21 cm. |
||
| 651 | 0 |
_aBombay (India) _xFiction. |
|
| 999 |
_c2390 _d2390 |
||